| 000 | 00547nam a2200193Ia 4500 | ||
|---|---|---|---|
| 005 | 20250923144639.0 | ||
| 008 | 008 250917s9999 xx 000 0 eng d | ||
| 037 | _aTextual | ||
| 040 |
_aDSWL _beng _cDSWL |
||
| 041 |
_aeng _2eng |
||
| 084 |
_aY:f, N54 _qDSWL |
||
| 100 |
_aRiley, M.W. _9826977 |
||
| 245 | 0 |
_aSocialogical studies in scale analysis _cby M.W. Riley |
|
| 260 |
_aOxford _bUniversity Press _c1954 |
||
| 300 | _axii,433p. | ||
| 700 |
_a J.W.Riley _9826978 |
||
| 942 |
_cTEXL _hY:f, N54 |
||
| 999 |
_c1441595 _d1441595 |
||